00744nam a2200205Ia 4500003000900000008004100009020001800050040001600068080002200084245011300106260004200219300001600261650004100277650002900318700003400347700003700381942000700418999001500425952009800440IN-BaIIA211028s9999 xx 000 0 eng d a90-277-1228-X cIIA Library a082.2:52bIAU-S90 0ainfrared astronomycedited by C. G.Wynn-Williams and D. P. Cruikshank  aDordrechtbD. Reidel Publishingc1980 axiii, 376p. aAstronomy and Astrophysics thesaurus ainfrared astronomy95673 aCruikshank, D. P., ed.911486 aWynn-Williams, C. G., ed.911487 cBK c6706d6706 00104070aBANbBANcGENd1981-01-23l0o082.2:52/ IAU-S90p7456r2021-11-05w1981-01-23yBK